Szczegóły MARC21

Duden, So schreibt man jetzt! : das Übungsbuch zur neuen deutschen Rechtschreibung /

003 -Nazwa inst., której nr kontr. jest w polu 001 [,]
    • @
    • Nazwa instytucji, której n kontrolny jest w polu 001
    • NUKAT
005 -DATA I CZAS OSTATNIEJ MODYFIKACJI [,]
    • @
    • pole kontrolne
    • 20241231103955.0
020 -Międzynarod. znormalizowany nr książki - ISBN [ , ]
    • a
    • Numer ISBN
    • 3411061944 Find
020 -Międzynarod. znormalizowany nr książki - ISBN [ , ]
    • a
    • Numer ISBN
    • 9783411061945 Find
040 -Instytucja sporządzająca opis [ , ]
    • a
    • Instytucja, która sporządziła opis (NP)
    • WA U/70AO
    • c
    • Instytucja, która sporządziła rekord (NP)
    • WA U/AO
    • d
    • Instytucja, która zmodyfikowała rekord (P)
    • WA U/MST
942 -Rodzaj dokumentu [ , ]
    • c
    • Rodzaj dokumentu
    • Książka
100 -Hasło główne - nazwa osobowa [1, ]
    • a
    • Nazwa osobowa (NP)
    • Püschel, Ulrich.
    • 9
    • KHW
    • 647889
245 -Strefa tytułu i oznaczenia odpowiedzialności [1,0]
    • a
    • Tytuł
    • Duden, So schreibt man jetzt! : Find
    • b
    • Ciąg dalszy tytułu (NP)
    • das Übungsbuch zur neuen deutschen Rechtschreibung / Find
    • c
    • Pozostałe elementy strefy tytułu i oznaczenia odpowiedzialności (NP)
    • von Ulrich Püschel.
246 -Wariant tytułu [1,8]
    • a
    • Tytuł (NP)
    • So schreibt man jetzt!
250 -Strefa wydania [ , ]
    • a
    • Oznaczenie wydania (NP)
    • 4., aktualis. und überarb. Aufl. /
    • b
    • Ciąg dalszy strefy wydania (NP)
    • Christian Stang.
260 -Strefa adresu wydawniczego [ , ]
    • a
    • Miejsce wydania (P)
    • Mannheim [etc.] :
    • b
    • Nazwa wydawcy (P)
    • Dudenverlag,
    • c
    • Data wydania (P)
    • 2006.
300 -Strefa opisu fizycznego [ , ]
    • a
    • Określenie formy książki i/lub objętość (NP)
    • 160 s. ;
    • c
    • Format (NP)
    • 22 cm.
336 -Typ zawartości [ , ]
    • a
    • Termin opisujący typ zawartości
    • Tekst
    • b
    • Kod określający zawartość
    • txt
    • 2
    • Źródło (terminu i kodu)
    • rdacontent
337 -Typ mediów [ , ]
    • a
    • Tryb odtwarzania
    • Bez urządzenia pośredniczącego
    • b
    • Kod typu mediów
    • n
    • 2
    • Źródło (terminu i kodu)
    • rdamedia
338 -Typ/rodzaj nośnika [ , ]
    • a
    • Hasło opisujące typ nośnika
    • Wolumin
    • b
    • Kod typu nośnika
    • nc
    • 2
    • Źródło (terminu i kodu)
    • rdacarrier
080 -Uniwersalna Klasyfikacja Dziesiętna [ , ]
    • 2
    • Identyfikator wydania tablic
    • UDC-P058
    • a
    • Symbol klasyfikacji
    • 811.112.2'35
    • b
    • Dopowiedzenie
    • Język niemiecki. - Ortografia, interpunkcja.
    • x
    • Poddział wspólny
    • (076)
    • b
    • Dopowiedzenie
    • (Materiały do ćwiczeń praktycznych. Zadania. Pytania i rozwiązania. Teksty programowane).
980 -Symbol UKD [ , ]
    • a
    • UKD
    • 811.112.2'35(076)
700 -Hasło dodatkowe - nazwa osobowa [1, ]
    • a
    • Nazwa osobowa (NP)
    • Stang, Christian Schweigaard Find
    • d
    • Daty biograficzne (NP)
    • (1900-1977).
    • e
    • Określenie rodzaju współpracy
    • Red.
    • 9
    • KHW
    • 647890
920 -ISBN [ , ]
    • a
    • ISBN
    • 3-411-06194-4 Find
920 -ISBN [ , ]
    • a
    • ISBN
    • 978-3-411-06194-5 Find
Numer inwentarzowy Data inwentaryzacji Status udost. Lokalizacja Sygnatura
G.186702008-12-121BMGERM. Nauka jęz.-pisanie 06